000 00899nam a2200277 i 4500
001 103059
003 ES-MaACL
005 20260526180131.0
007 t|
008 060109s2005 sp ||||1| spa d
020 _a84-264-1513-X
080 _a929 Kahlo, Frida
100 1 _aKahlo, Frida,
_d1907-1954
_9243138
245 1 0 _aAhí les dejo mi retrato /
_cFrida Kahlo ; prólogo de Ana María Moix ; introducción y notas de Raquel Tibol.
250 _a1ª ed.
260 _aBarcelona :
_bLumen,
_c2005.
300 _a412 p. :
_bil. ;
_c21 cm.
490 1 _aMemorias y biografías
600 1 0 _aKahlo, Frida,
_d1907-1954
_9243138
700 1 _aMoix, Ana María,
_d1947-
_981820
700 1 _aTibol, Raquel.
_9110209
830 0 _aMemorias y biografías (Editorial Lumen)
_9234392
852 _aES-MaACL
_jL-29257
_bR.136705
942 _2udc
999 _c103059
_d103059